| 000 | 01215nam a22001937a 4500 | ||
|---|---|---|---|
| 008 | 120509t xxu||||| |||| 00| 0 eng d | ||
| 020 | _a0324305915 | ||
| 050 | _aHF1017.S33 | ||
| 100 | _aSweeney, Dennis J. | ||
| 245 |
_aFundamental of business statistics. / _cDennis J. Sweeney, Thomas A. Williams and David R. Anderson |
||
| 260 |
_aCanada: _bThomson, _cc2006. |
||
| 300 |
_axvi, 641 p.: _bill.; _c25cm. |
||
| 500 | _aIncludes index. | ||
| 505 | _aContents: Data and statistics -- Descriptive statistics: tabular and graphical presentations -- Descriptive statistics: numerical measures -- Introduction to probability -- Discrete probability distributions -- Continuous probability distributions -- Sampling and sampling distributions -- Interval estimation -- Hypothesis tests -- Comparisons involving means -- Comparisons involving proportions and a test of independence -- Simple linear regression -- Multiple regression -- Appendix A: References and bibliography -- Appendix B: Tables -- Appendix C: Summation notation -- Appendix D: Self-test solutions and answers to even-numbered. | ||
| 650 | _bCommercial statistics | ||
| 700 | _aWilliams, Thomas A. | ||
| 700 | _aAnderson, David R. | ||
| 942 |
_2lcc _cBK |
||
| 999 |
_c845 _d8345 |
||